Responses for Show #112 - Tuesday, February 12, 1985

John Hnat game 1.

Contestants

[<< previous game]

John Hnat, a chemical lab technician from Cleveland, Ohio

Marty Spring, a middle school assistant principal from Carlsbad, California

Pat Gaynor, a college professor from Buena Park, California (whose 2-day cash winnings total $13,800)

[next game >>]

Jeopardy! Round responses

7 WONDERS
TRIVIA
BUSINESS & INDUSTRY
PROVERBS
GOLDEN OLDIES
HOW TO...
    $100 1
(Marty: What is Bridal Veil Falls?)

Victoria Falls

PatMarty
    $100 11
(John: What is blank?)
...
(Alex: The last one died in 1969.)

the Rough Riders

MartyJohn
    $100 6
Sears-Roebuck

Pat
    $100 3
contempt

Pat
    $100 9
the sand

Pat
    $100 15
(John: What is opening a cap?)
(Alex: Be a little more specific.)

how do you open a child-proof cap

John
    $200 2
(Pat: What is Diana?)

Zeus

PatJohn
    $200 18
Greek writing

Triple Stumper
    $200 16
Barry Goldwater

Pat
    $200 4
(Marty: What is his nose to the grindstone?)

shoulder

PatMarty
    $200 10
"Who Wrote The Book Of Love"

Marty
    $200 20
how to imitate Jack Benny

John
    $500 19
the Suez Canal

John
    $300 23
(Pat: What is the Hawaiian state song?)

"Aloha Oe"

Pat
Triple Stumper
    $300 17
the letter X

John
    $300 5
live to eat

John
    $300 12
Little White Dove

Pat
    $300 21
(Pat: How do you bring Peter Pan back to life?)
(Alex: Less than a minute to go in the round.)

How do you bring Tinker Bell back to life?

Pat
Triple Stumper
    $400 7
(Pat: What is principle?)
(John: What is prosperity?)

love

PatJohn
Triple Stumper
    $400 13
Dwight David "Ike" Eisenhower

Triple Stumper
    $400 24
[The end-of-round signal sounds.]

how do you get to Staten Island

Triple Stumper
    $500 8
under a bushel

John
    $500 14
"A Hundred Pounds Of Clay"

Pat
    $500 22
how do you temper steel

John

Scores at the first commercial break (after clue 12):

Pat Marty John
$300 $0 $500

Scores at the end of the Jeopardy! Round:

Pat Marty John
$400 $0 $2,100

Double Jeopardy! Round responses

ANIMALS
RELIGION
MATHEMATICS
U.S. STATES
LANGUAGES
POLITICAL QUOTES
    $200 21
a cud

Marty
    $200 11
the Quran

Pat
    $200 8
multiplication symbol (or a decimal point)

John
    $200 1
Alaska

Pat
    $200 17
the Romance languages

Pat
    $200 2
Idi Amin

Pat
    $400 22
4

John
    $400 16
Zionism

Pat
    $400 9
(John: What is that they are equivalent?)

an equation

John
Triple Stumper
    $400 7
Oregon

John
    $400 18
India

John
    $400 3
Harry Truman

Marty
    $600 27
a shark

John
    $600 23
[Alex spoke "These Russellites..." when reading the clue.]
...
(Alex: We've got less than a minute to go in the round.)

the Jehovah Witnesses

John
    $600 10
least common denominator (or lowest common denominator)

John
    $500 12
(Pat: What is Mississippi?)
...
(Alex: And the Swanee River, by the way is in the state of [*].)

Florida

Pat
    $600 20
(1 of) Romania, Hungary, or East Germany

Marty
    $600 4
(Marty: Who is Richard Nixon?)

Adolf Hitler

PatMarty
    $800 28
[The end-of-round signal sounds.]

the primates

John
    $800 24
(Pat: What is reincarnation?)

karma

PatJohn
    $800 14
(John: What is calculus?)

algebra

John
Triple Stumper
    $800 13
(Marty: Oh, gee.)

New York

MartyJohn
    $800 26
Africa

John
    $800 5
Eleanor Roosevelt

Pat
    $1000 25
(Pat: What is the Worldwide Church of God?)

ecumenism (the Ecumenical movement)

PatMarty
    $1000 15
the square root sign

Triple Stumper
    $1000 19
South Carolina

Pat
    $1000 6
Adlai Stevenson

Pat

Scores at the end of the Double Jeopardy! Round:

Pat Marty John
$2,700 $800 $7,300
(lock game)

[wagering suggestions for these scores]

Final Jeopardy! Round responses

FAIRY TALES
(Alex: We do not write trick answers on this program, but the speed with which all three of you rushed to your pens on this makes me feel that perhaps you'll think about it that way when we get through dealing with Final Jeopardy!)
...
(Alex: Dopey couldn't talk, let alone sing.)
MartyWhat is 7
$750
PatWhat is 7? (seven)
$1
JohnWhat is seven?
$1,000
6

Final scores:

Pat Marty John
$2,699 $50 $6,300
2nd place: Broyhill sofa + Regency police scanner 3rd place: Yamaha electronic keyboard New champion: $6,300

Game dynamics:

Coryat scores:

Pat Marty John
$3,200 $800 $7,100
17 R,
7 W
(including 1 DD)
6 R,
4 W
19 R
(including 1 DD),
4 W

Combined Coryat: $11,100

[game clues] [game scores] [suggest correction]

Game tape date: 1984-10-30
The J! Archive is created by fans, for fans. Scraping, republication, monetization, and malicious use prohibited; this site may use cookies and collect identifying information. See terms. The Jeopardy! game show and all elements thereof, including but not limited to copyright and trademark thereto, are the property of Jeopardy Productions, Inc. and are protected under law. This website is not affiliated with, sponsored by, or operated by Jeopardy Productions, Inc. Join the discussion at JBoard.tv.